Normal view
MARC view
Entry Topical Term
001 - CONTROL NUMBER
- control field: 2891
003 - CONTROL NUMBER IDENTIFIER
- control field: BD-RjUL
005 - DATE AND TIME OF LATEST TRANSACTION
- control field: 20220510122257.0
008 - FIXED-LENGTH DATA ELEMENTS
- fixed length control field: 220510|| aca||aabn | a|a d
040 ## - CATALOGING SOURCE
- Original cataloging agency: BD-RjUL
- Transcribing agency: BD-RjUL
150 ## - HEADING--TOPICAL TERM
- Topical term or geographic name entry element: Diseases
- Form subdivision: Stages
- General subdivision: Awareness
670 ## - SOURCE DATA FOUND
- Source citation: Work cat.: (BD-RjUL)79777: Basak, Ashesh 2886, Stages of Development of Cancer and level of Awareness Among the Patients of Rajshahi Medical College Hospital, Bangladesh /, 2010